| 000 | 00582nam a2200169 i 4500 | ||
|---|---|---|---|
| 001 | 74648 | ||
| 003 | ES-MaACL | ||
| 005 | 20230906172213.0 | ||
| 007 | t| | ||
| 008 | 040920s1914 sp ||||1| spa d | ||
| 100 | 1 |
_aGonzález Rebollar, Hipólito. _958902 |
|
| 245 | 1 | 3 |
_aLa nueva política, críticas de actualidad _b: [incluyese el estudio de actualidad la hora de España] / _cHipólito González Rebollar. |
| 260 |
_aLaguna de Tenerife : _b[s.n., _c1914] ( _fSucs. de M. Curbelo) |
||
| 300 |
_av. ; _c18 cm. |
||
| 505 | 8 | _aContiene: I. El ambiente. | |
| 852 |
_aES-MaACL _jD-3154 |
||
| 999 |
_c74648 _d74648 |
||